000
00278nam a2200109Ia 4500
005
20251222114356.0
008
251222s1900||||xx |||||||||||||| ||spa||
082
_a
DVD0040/S75.1/1981/Ej.2
245
0
_a
Indiana Jones: En busca del arca perdida
264
_b
Lucasfilm
942
_c
DVD
999
_c
1449
_d
1449